书目信息 |
| 题名: |
现代西方戏剧名家名著选评
|
|
| 作者: | 张耘 著 | |
| 分册: | ||
| 出版信息: | 北京 外语教学与研究出版社 1999 |
|
| 页数: | 266页 | |
| 开本: | 20cm | |
| 丛书名: | ||
| 单 册: | ||
| 中图分类: | I106.3 | |
| 科图分类: | ||
| 主题词: | 文学--世界 | |
| 电子资源: | ||
| ISBN: | 7-5600-1458-5 | |
| 000 | 00570nam0 2200193 450 | |
| 001 | 0740939535 | |
| 005 | 20070704160215.39 | |
| 010 | @a7-5600-1458-5@dCNY11.90 | |
| 100 | @a20070702d1999 km y0chiy0120 ea | |
| 101 | 0 | @achi |
| 102 | @aCN@b110000 | |
| 200 | 1 | @a现代西方戏剧名家名著选评@Axian dai xi fang xi ju ming jia ming zhu xuan ping@f张耘著@Fzhang yun zhu |
| 210 | @a北京@c外语教学与研究出版社@d1999 | |
| 215 | @a266页@d20cm | |
| 606 | 0 | @a文学@x世界 |
| 690 | @aI106.3@v3 | |
| 701 | 0 | @a张耘@Azhang yun@4著 |
| 801 | 0 | @aCN@bPFT@c20070704 |
| 905 | @a10447@dI106.3@e193 | |
| 现代西方戏剧名家名著选评/张耘著.-北京:外语教学与研究出版社,1999 |
| 266页;20cm |
| ISBN 7-5600-1458-5:CNY11.90 |
| ● |
| 相关链接 |
|
|
|
|
正题名:现代西方戏剧名家名著选评
索取号:I106.3/193
 
预约/预借
| 序号 | 登录号 | 条形码 | 馆藏地/架位号 | 状态 | 备注 |
| 1 | 0764577 | 207645770 | 第一样本阅览室/ [索取号:I106.3/193] | 在馆 | |
| 2 | 0764687 | 207646877 | 密集书库/ [索取号:I106.3/193] | 在馆 |